[Event "Titled Tue 17th Jun Late"]
[Site "chess.com INT"]
[Date "2025.06.17"]
[Round "9"]
[White "Graif, William"]
[Black "Bardyk, Artem"]
[Result "0-1"]
[WhiteTitle "FM"]
[BlackTitle "FM"]
[WhiteElo "2211"]
[BlackElo "2260"]
[WhiteFideId "2609835"]
[BlackFideId "34349979"]
[EventDate "2025.06.17"]

1. e4 c5 2. Nc3 d6 3. f4 Nc6 4. Nf3 g6 5. Bc4 Bg7 6. O-O e6 7. d4 cxd4 8. Nb5
Nge7 9. Bb3 O-O 10. Nbxd4 Nxd4 11. Nxd4 Nc6 12. Be3 e5 13. Nxc6 bxc6 14. fxe5
Bxe5 15. Bf4 Bxf4 16. Rxf4 Qe7 17. Qd2 Be6 18. Rd1 Rad8 19. Qc3 Bxb3 20. axb3
Qe5 21. Qxe5 dxe5 22. Rff1 Kg7 23. Ra1 Rd2 24. Rf2 Rfd8 25. Rxa7 Rxf2 26. Kxf2
Rd2+ 27. Kf1 Rxc2 28. Rc7 Kf6 29. b4 Rxb2 30. Rxc6+ Kg5 31. Rc4 Kf4 32. Kg1 Ke3
33. h3 f5 34. Rc5 Kxe4 35. b5 Kf4 36. Kf1 e4 37. Rc7 Rxb5 38. Rxh7 Ke3 39. Rg7
Rb1# 0-1

[Event "Titled Tue 17th Jun Late"]
[Site "chess.com INT"]
[Date "2025.06.17"]
[Round "9"]
[White "Volodin, Alexandr E."]
[Black "Bacus, Dharim"]
[Result "0-1"]
[WhiteTitle "FM"]
[BlackTitle "FM"]
[WhiteElo "2344"]
[BlackElo "2131"]
[WhiteFideId "34268871"]
[BlackFideId "5201527"]
[EventDate "2025.06.17"]

1. d4 Nf6 2. Nc3 d5 3. Bf4 a6 4. e3 c5 5. dxc5 Nc6 6. Nf3 e6 7. Bd3 Bxc5 8. O-O
O-O 9. e4 Nb4 10. e5 Nxd3 11. Qxd3 Nh5 12. Bg5 Be7 13. Bxe7 Qxe7 14. Qe3 f5 15.
exf6 Qxf6 16. Qe5 Qg6 17. Nd4 Bd7 18. Rae1 Rae8 19. f4 Nf6 20. Qg5 Qf7 21. Nf3
h6 22. Qh4 Bb5 23. Ne5 Qc7 24. Nxb5 axb5 25. c3 b4 26. cxb4 Qb6+ 27. Qf2 Qxb4
28. a3 Qb3 29. Re3 Qb6 30. Nd3 Ng4 31. Rfe1 Nxf2 32. Kxf2 e5 33. Kg1 e4 0-1

[Event "Titled Tue 17th Jun Late"]
[Site "chess.com INT"]
[Date "2025.06.17"]
[Round "9"]
[White "Lazaro Azcutia, Miguel"]
[Black "Papacek, Stepan"]
[Result "1-0"]
[WhiteTitle "CM"]
[BlackTitle "FM"]
[WhiteElo "2275"]
[BlackElo "2225"]
[WhiteFideId "54538254"]
[BlackFideId "301035"]
[EventDate "2025.06.17"]

1. e4 e6 2. d4 d5 3. Nc3 Nf6 4. e5 Nfd7 5. f4 c5 6. Nf3 Nc6 7. Be3 Be7 8. Qd2
O-O 9. dxc5 Nxc5 10. O-O-O a6 11. Bd3 b5 12. h4 Nxd3+ 13. Qxd3 b4 14. Ne2 a5 15.
Ned4 Nxd4 16. Nxd4 Qc7 17. Kb1 Ba6 18. Qd2 a4 19. f5 b3 20. cxb3 axb3 21. fxe6
bxa2+ 22. Ka1 Qxe5 23. Bf4 Qh5 24. g4 Qxg4 25. Rdg1 Qh5 26. Bg5 f6 27. Nf5 Rfe8
28. Nxe7+ Rxe7 29. Bxf6 Rb7 30. e7 g6 31. Rg5 Qf3 32. Re1 Qxf6 33. e8=Q+ Rxe8
34. Rxe8+ Kg7 35. Rge5 Bc4 36. h5 Rf7 37. h6# 1-0

[Event "Titled Tue 17th Jun Late"]
[Site "chess.com INT"]
[Date "2025.06.17"]
[Round "9"]
[White "Tao, Sihan"]
[Black "Linares Orellana, Hector Jose"]
[Result "1/2-1/2"]
[WhiteTitle "FM"]
[BlackTitle "FM"]
[WhiteElo "2202"]
[BlackElo "2111"]
[WhiteFideId "30982677"]
[BlackFideId "7304307"]
[EventDate "2025.06.17"]

1. e4 e5 2. Nf3 Nc6 3. d4 exd4 4. Bc4 Nf6 5. e5 d5 6. Bb5 Ne4 7. Nxd4 Bd7 8.
Bxc6 bxc6 9. O-O Bc5 10. Be3 O-O 11. Nd2 Nxd2 12. Qxd2 Re8 13. f4 f6 14. b4 Bb6
15. Nb3 fxe5 16. fxe5 Rxe5 17. Bc5 h6 18. Rf2 Rf5 19. Rxf5 Bxf5 20. Rf1 Qf6 21.
Qd4 Qxd4+ 22. Nxd4 Bxc5 23. bxc5 Bd7 24. Rb1 Re8 25. Rb7 Re4 26. c3 Re3 27. Rxc7
Be8 28. Nxc6 Bxc6 29. Rxc6 Rxc3 30. Kf2 d4 31. Ra6 Rxc5 32. Rxa7 Rc2+ 33. Kf3 d3
34. a4 d2 35. Rd7 Ra2 36. a5 Rxa5 37. Rxd2 Rf5+ 38. Kg3 Kf7 39. Rd3 Kf6 40. Rf3
Ke5 41. Rxf5+ Kxf5 42. Kf3 g6 43. g4+ Ke5 44. Ke3 h5 45. gxh5 gxh5 46. h4 1/2-1/2

[Event "Titled Tue 17th Jun Late"]
[Site "chess.com INT"]
[Date "2025.06.17"]
[Round "9"]
[White "Gumularz, Szymon"]
[Black "Drygalov, Sergey"]
[Result "0-1"]
[WhiteTitle "GM"]
[BlackTitle "GM"]
[WhiteElo "2605"]
[BlackElo "2560"]
[WhiteFideId "1188062"]
[BlackFideId "24171743"]
[EventDate "2025.06.17"]

1. d4 Nf6 2. Nf3 e6 3. c4 d5 4. Nc3 c6 5. e3 Nbd7 6. h3 Bd6 7. Bd3 O-O 8. O-O
dxc4 9. Bxc4 b5 10. Bd3 Bb7 11. e4 e5 12. dxe5 Nxe5 13. Nxe5 Bxe5 14. Be3 Re8
15. Qc2 a6 16. a4 Qe7 17. Rad1 Rac8 18. Ne2 c5 19. b3 Bxe4 20. Bxe4 Nxe4 21.
axb5 axb5 22. Rd5 b4 23. Rfd1 Nc3 24. Nxc3 Bxc3 25. Qf5 c4 26. bxc4 Rxc4 27. Rd7
Qe6 28. Qb5 Rcc8 29. Rb7 h6 30. Rdd7 Rf8 31. Re7 Qa2 32. Qf5 Bf6 33. Rxf7 Qa1+
34. Kh2 Qe5+ 35. Qxe5 Bxe5+ 36. f4 Rxf7 0-1

[Event "Titled Tue 17th Jun Late"]
[Site "chess.com INT"]
[Date "2025.06.17"]
[Round "9"]
[White "Martinez Ramirez, Lennis"]
[Black "Galchenko, Matvey"]
[Result "0-1"]
[WhiteTitle "IM"]
[BlackTitle "IM"]
[WhiteElo "2442"]
[BlackElo "2435"]
[WhiteFideId "3509079"]
[BlackFideId "24175480"]
[EventDate "2025.06.17"]

1. b4 c6 2. Bb2 a5 3. bxa5 Qxa5 4. Nf3 d6 5. e4 e5 6. Bc4 Qb4 7. Bb3 Qxe4+ 8.
Kf1 Be7 9. Nc3 Qg6 10. h3 Nf6 11. d4 e4 12. Nh4 Qh6 13. g3 d5 14. a4 O-O 15. Ng2
Bg4 16. Qe1 Bf3 17. Bc1 Qh5 18. Nf4 Qf5 19. g4 Qd7 20. Rg1 Na6 21. Rg3 Bd6 22.
Be3 Nc7 23. g5 Bxf4 24. Bxf4 Nh5 25. Bxc7 Nxg3+ 26. fxg3 Qxc7 27. Kg1 e3 28. Kh2
Rfe8 29. Ne2 Qe7 30. h4 Qe6 31. Rd1 Qg4 0-1

[Event "Titled Tue 17th Jun Late"]
[Site "chess.com INT"]
[Date "2025.06.17"]
[Round "9"]
[White "Krawczyk, Flawian"]
[Black "Bryakin, Mikhail"]
[Result "1/2-1/2"]
[WhiteTitle "CM"]
[BlackTitle "GM"]
[WhiteElo "2247"]
[BlackElo "2462"]
[WhiteFideId "21881413"]
[BlackFideId "4165314"]
[EventDate "2025.06.17"]

1. e4 e6 2. d4 d5 3. Nc3 Bb4 4. e5 c5 5. Bd2 Ne7 6. a3 Bxc3 7. Bxc3 cxd4 8. Qxd4
Nec6 9. Qg4 O-O 10. Nf3 b6 11. Bd3 h6 12. b4 Ne7 13. O-O Nbc6 14. Rad1 Nf5 15.
Bxf5 exf5 16. Qf4 Be6 17. Nd4 Nxd4 18. Bxd4 Rc8 19. c3 Qg5 20. Qxg5 hxg5 21. a4
g4 22. Ra1 Rc7 23. a5 b5 24. a6 Rb8 25. Ra5 g5 26. Bc5 Rc6 27. Rfa1 Bc8 28. Bxa7
Ra8 29. Bc5 Rcxa6 30. Rxa6 Rxa6 31. Rxa6 Bxa6 32. Be7 Kg7 33. Bxg5 Kg6 34. Bf4
Bc8 35. Kf1 f6 36. Ke2 fxe5 37. Bxe5 Kf7 38. Ke3 Ke6 39. Kd4 Bd7 40. h4 gxh3 41.
gxh3 Be8 42. f4 Bh5 43. Kc5 Be2 44. h4 Kf7 45. Kxd5 Bd3 46. h5 Kg8 47. h6 Kh7
48. Ke6 Kxh6 49. Kf6 Kh5 50. c4 bxc4 51. Bc3 Be4 52. b5 Kg4 53. Ke5 Kf3 54. Kd4
Kxf4 55. Kxc4 Ke3 56. Be5 f4 57. Bxf4+ Kxf4 58. b6 Ke5 59. b7 Bxb7 1/2-1/2

[Event "Titled Tue 17th Jun Late"]
[Site "chess.com INT"]
[Date "2025.06.17"]
[Round "9"]
[White "Silva Lucena, Cristian"]
[Black "Holinka, Henning"]
[Result "0-1"]
[WhiteTitle "FM"]
[BlackTitle "FM"]
[WhiteElo "2243"]
[BlackElo "2303"]
[WhiteFideId "2232588"]
[BlackFideId "12967084"]
[EventDate "2025.06.17"]

1. e4 c5 2. Nf3 e6 3. d4 cxd4 4. Nxd4 a6 5. Nc3 Qc7 6. g3 b5 7. Bg2 Bb7 8. O-O
b4 9. Na4 Nf6 10. Re1 d6 11. c3 bxc3 12. Nxc3 Nbd7 13. Be3 Rc8 14. Rc1 Qb8 15.
g4 h5 16. g5 Ng4 17. h3 Nxe3 18. Rxe3 Be7 19. g6 Bf6 20. gxf7+ Kxf7 21. Nde2 Ne5
22. f4 Nc4 23. Rg3 Nxb2 24. Qb3 Ba8 25. Rb1 Qa7+ 26. Kh2 Nc4 27. f5 Be5 28.
fxe6+ Ke7 29. Qd1 Bxg3+ 30. Nxg3 g6 31. Qc1 Qe3 32. Qf1 Rhf8 33. Qd1 Qxc3 0-1

[Event "Titled Tue 17th Jun Late"]
[Site "chess.com INT"]
[Date "2025.06.17"]
[Round "9"]
[White "Todorovic, Bojan"]
[Black "Harish, Neeraj"]
[Result "1-0"]
[WhiteTitle "FM"]
[BlackTitle "CM"]
[WhiteElo "2111"]
[BlackElo "2192"]
[WhiteFideId "917087"]
[BlackFideId "30958130"]
[EventDate "2025.06.17"]

1. d4 d5 2. c4 e6 3. Nc3 Nf6 4. cxd5 exd5 5. Bg5 c6 6. e3 h6 7. Bh4 Be7 8. Bd3
O-O 9. Nf3 Ne8 10. Bg3 Nd6 11. Qc2 Re8 12. O-O Bf8 13. Ne5 Nd7 14. f4 Nf6 15.
Bh4 Be7 16. Bxf6 Bxf6 17. b4 a6 18. a3 Bd7 19. Na4 b5 20. Nxd7 bxa4 21. Ne5 Rc8
22. Qxa4 Bxe5 23. fxe5 Nc4 24. Bxc4 dxc4 25. Qxa6 Qg5 26. Rf3 Rcd8 27. Qxc4 Re6
28. Raf1 Rd7 29. Rxf7 Qxe3+ 30. Kh1 1-0

[Event "Titled Tue 17th Jun Late"]
[Site "chess.com INT"]
[Date "2025.06.17"]
[Round "9"]
[White "Xiong, Jeffery"]
[Black "Moussard, Jules"]
[Result "0-1"]
[WhiteTitle "GM"]
[BlackTitle "GM"]
[WhiteElo "2639"]
[BlackElo "2597"]
[WhiteFideId "2047640"]
[BlackFideId "642908"]
[EventDate "2025.06.17"]

1. d4 d5 2. c4 e6 3. Nf3 Nf6 4. Nc3 Be7 5. Bf4 O-O 6. a3 b6 7. Nb5 Na6 8. e3 c6
9. Nc3 c5 10. cxd5 exd5 11. Ne5 Nb8 12. Bd3 Bb7 13. O-O Nc6 14. Rc1 c4 15. Bb1
a6 16. Ng4 Na5 17. Nxf6+ Bxf6 18. Qg4 g6 19. Qg3 Nb3 20. Rcd1 b5 21. Bc2 Rc8 22.
Bxb3 cxb3 23. Rd3 Re8 24. Bd6 Bh4 25. Qh3 Bxf2+ 26. Rxf2 Qxd6 27. Rxf7 Kxf7 28.
Qxh7+ Ke6 29. e4 Qe7 30. Qxg6+ Kd7 31. Rh3 Qe6 32. Rh7+ Re7 33. Rxe7+ Qxe7 34.
Qb6 Rc7 35. e5 Qe6 36. Qa7 Bc8 37. Qa8 Rxc3 0-1

[Event "Titled Tue 17th Jun Late"]
[Site "chess.com INT"]
[Date "2025.06.17"]
[Round "9"]
[White "Norman, Kseniya"]
[Black "Rozman, Levy"]
[Result "0-1"]
[WhiteTitle "WFM"]
[BlackTitle "IM"]
[WhiteElo "2069"]
[BlackElo "2324"]
[WhiteFideId "13518780"]
[BlackFideId "2039877"]
[EventDate "2025.06.17"]

1. e4 c6 2. d4 Na6 3. Nf3 d5 4. e5 Bg4 5. Be2 e6 6. O-O Ne7 7. h3 Bh5 8. Nbd2 c5
9. dxc5 Nxc5 10. Nd4 Bxe2 11. Qxe2 Nc6 12. N2f3 Be7 13. Be3 Nxd4 14. Bxd4 O-O
15. Rfd1 Qc7 16. Rac1 Qa5 17. a3 Qa4 18. Bc3 Ne4 19. Be1 Rac8 20. Rd4 Qc6 21. c4
b5 22. b3 Bxa3 23. Rcd1 bxc4 24. bxc4 Rfd8 25. cxd5 exd5 26. Qxe4 dxe4 27. Rxd8+
Bf8 28. Bb4 Qc7 29. Ba5 Rxd8 0-1

[Event "Titled Tue 17th Jun Late"]
[Site "chess.com INT"]
[Date "2025.06.17"]
[Round "9"]
[White "Ferraz, Michel Liah"]
[Black "Reinecke, Katharina"]
[Result "1-0"]
[BlackTitle "WCM"]
[WhiteElo "2007"]
[BlackElo "1921"]
[WhiteFideId "22743219"]
[BlackFideId "12929727"]
[EventDate "2025.06.17"]

1. e4 c6 2. d4 d5 3. e5 Bf5 4. h4 h5 5. Nf3 e6 6. Bd3 Bxd3 7. Qxd3 Qa5+ 8. Nbd2
Qa6 9. c4 Ne7 10. Qc2 Nf5 11. cxd5 cxd5 12. Rg1 Nc6 13. Nb3 O-O-O 14. Bg5 Be7
15. Nc5 Bxc5 16. Qxc5 Rd7 17. O-O-O Kb8 18. Kb1 Rc8 19. Rc1 Qa5 20. Qxa5 Nxa5
21. Rxc8+ Kxc8 22. Rc1+ Rc7 23. Rd1 Nc4 24. b3 Na5 25. Kb2 Nc6 26. Be3 Nxe3 27.
fxe3 f6 28. exf6 gxf6 29. Rf1 Rg7 30. Rf2 Kd7 31. Ng1 Ke7 32. Nf3 e5 33. dxe5
fxe5 34. Ng5 Kd6 35. Rf6+ Kc5 36. Ne6+ Kb4 37. Nxg7 d4 38. exd4 Nxd4 39. a3+ Kc5
40. Ne6+ Nxe6 41. Rxe6 Kd5 42. Rh6 e4 43. Rxh5+ Kd4 44. Rh8 e3 45. Re8 Kd3 46.
g4 e2 47. g5 Kd2 48. h5 a5 49. g6 e1=Q 50. Rd8+ Ke2 51. Re8+ Kf2 52. Rxe1 Kxe1
53. h6 a4 54. h7 b5 55. bxa4 bxa4 56. Kc3 Kd1 57. Kb4 Kc1 58. g7 Kb1 59. Kxa4
Ka2 60. Kb4 Kb2 61. a4 Ka2 62. a5 Kb2 63. a6 Ka2 64. a7 Kb2 65. a8=R Kc2 66.
g8=R Kd2 67. h8=R Ke2 68. Rae8+ Kf2 69. Rgf8+ Kg3 70. Rhg8+ Kh4 71. Re1 Kh5 72.
Rh1# 1-0

[Event "Titled Tue 17th Jun Late"]
[Site "chess.com INT"]
[Date "2025.06.17"]
[Round "9"]
[White "Baturin-Vinogradov, Miroslav"]
[Black "Daspres, Loic"]
[Result "1-0"]
[WhiteTitle "CM"]
[BlackTitle "CM"]
[WhiteElo "2046"]
[BlackElo "2207"]
[WhiteFideId "55745741"]
[BlackFideId "20612281"]
[EventDate "2025.06.17"]

1. e4 c5 2. Nf3 e6 3. Nc3 Nc6 4. Bb5 Nge7 5. O-O a6 6. Bxc6 Nxc6 7. d4 cxd4 8.
Nxd4 Bb4 9. Nxc6 dxc6 10. Qf3 e5 11. Rd1 Qf6 12. Qg3 h6 13. Ne2 Bc5 14. Be3 Bxe3
15. Qxe3 Be6 16. Rd6 O-O 17. Rad1 Qe7 18. Qc3 f6 19. Qd3 Qf7 20. Ng3 g6 21. Qe3
Kg7 22. b3 Qe7 23. Qb6 Rac8 24. f3 Rf7 25. Kf2 Qe8 26. c4 Rfc7 27. a4 Rd7 28.
Rxd7+ Bxd7 29. Qxb7 Rd8 30. Qxa6 Kf7 31. Qb7 Ke6 32. b4 Rb8 33. Qc7 Rd8 34. Rd6+
Ke7 35. Rxc6 Rc8 36. Qd6+ Kd8 37. Qxf6+ Qe7 38. Rxc8+ Bxc8 39. Qxe7+ Kxe7 40.
Ne2 Be6 41. c5 Kd7 42. Nc3 Kc6 43. Ke3 Bb3 44. g3 g5 45. f4 gxf4+ 46. gxf4 exf4+
47. Kxf4 Bc2 48. Ke5 Kd7 49. Kd4 1-0

[Event "Titled Tue 17th Jun Late"]
[Site "chess.com INT"]
[Date "2025.06.17"]
[Round "9"]
[White "Kjaergaard-Jensen, Jesper"]
[Black "Makaraci, Tunahan"]
[Result "0-1"]
[WhiteTitle "CM"]
[BlackTitle "FM"]
[WhiteElo "2081"]
[BlackElo "2233"]
[WhiteFideId "1406990"]
[BlackFideId "6356559"]
[EventDate "2025.06.17"]

1. d4 d5 2. Nf3 Nf6 3. c3 e6 4. Bg5 Be7 5. Nbd2 O-O 6. Bxf6 Bxf6 7. e4 dxe4 8.
Nxe4 b6 9. Bd3 Bb7 10. Qe2 Nd7 11. h4 c5 12. Nfg5 h6 13. f4 cxd4 14. O-O-O dxc3
15. Bb5 cxb2+ 16. Kb1 Bd5 17. Bxd7 Qxd7 18. Qc2 Bxg5 19. hxg5 Qc6 20. Nc3 Rac8
21. Rh3 b5 22. gxh6 g6 23. Rg3 Kh7 24. f5 exf5 0-1

[Event "Titled Tue 17th Jun Late"]
[Site "chess.com INT"]
[Date "2025.06.17"]
[Round "9"]
[White "Marchesich, Giovanni"]
[Black "Hansen, Eric"]
[Result "0-1"]
[WhiteTitle "CM"]
[BlackTitle "GM"]
[WhiteElo "2189"]
[BlackElo "2609"]
[WhiteFideId "2824790"]
[BlackFideId "2606771"]
[EventDate "2025.06.17"]

1. d4 Nf6 2. Nc3 d5 3. Bf4 a6 4. e3 h6 5. Nf3 c5 6. dxc5 Nc6 7. a3 Bg4 8. Be2
Bxf3 9. Bxf3 e6 10. b4 g5 11. Bg3 h5 12. h3 Bg7 13. Na4 g4 14. hxg4 hxg4 15.
Rxh8+ Bxh8 16. Be2 Ne4 17. Bxg4 Nxg3 18. fxg3 Qg5 19. Rb1 Qxe3+ 20. Qe2 Qxg3+
21. Kf1 Nd4 22. Qd1 Ke7 23. c3 Rg8 24. Bf3 Nf5 25. Qe2 Qh4 26. Qd3 Be5 27. Nb6
Bf4 28. Nxd5+ Kf8 29. Nxf4 Qxf4 30. Re1 Rg3 31. Re4 Qc1+ 32. Re1 Qf4 33. Re4
Qc1+ 34. Re1 Qg5 35. Bxb7 Rxd3 0-1

[Event "Titled Tue 17th Jun Late"]
[Site "chess.com INT"]
[Date "2025.06.17"]
[Round "9"]
[White "Haddouche, Mohamed"]
[Black "Mesquita, Eduardo Barbosa"]
[Result "1-0"]
[WhiteTitle "GM"]
[WhiteElo "2490"]
[BlackElo "2014"]
[WhiteFideId "7900660"]
[BlackFideId "22757163"]
[EventDate "2025.06.17"]

1. e4 c5 2. Nf3 d6 3. d4 cxd4 4. Qxd4 Bd7 5. c4 Nc6 6. Qe3 g6 7. Be2 Nf6 8. h3
Bg7 9. O-O O-O 10. Nc3 Rc8 11. Rb1 Qa5 12. Rd1 Rfd8 13. a3 Be6 14. b4 Qc7 15.
Bb2 Ne5 16. Nxe5 dxe5 17. Nd5 Nxd5 18. exd5 Bf5 19. Rbc1 h5 20. Qxa7 Bh6 21. Ra1
e4 22. Qd4 f6 23. Bc1 Bg7 24. Be3 Kh7 25. Rac1 Rd7 26. Qb6 Qb8 27. c5 Rcd8 28.
Bc4 Qe5 29. Re1 Bh6 30. c6 bxc6 31. dxc6 Bxe3 32. Qxe3 Rc7 33. b5 Rdc8 34. a4
Ra8 35. Bb3 1-0

[Event "Titled Tue 17th Jun Late"]
[Site "chess.com INT"]
[Date "2025.06.17"]
[Round "9"]
[White "Playa, Marcelo"]
[Black "Zhukovskyi, Oleksandr"]
[Result "0-1"]
[WhiteTitle "IM"]
[BlackTitle "CM"]
[WhiteElo "2376"]
[BlackElo "2145"]
[WhiteFideId "102202"]
[BlackFideId "14169371"]
[EventDate "2025.06.17"]

1. e4 Nf6 2. e5 Nd5 3. c4 Nb6 4. c5 Nd5 5. Bc4 e6 6. Nc3 Nxc3 7. dxc3 b6 8. cxb6
axb6 9. Nf3 Bb7 10. O-O Be7 11. Bf4 h5 12. Qd3 g5 13. Bd2 Nc6 14. Rfe1 Na5 15.
Bb3 Nxb3 16. axb3 c5 17. Qe3 Rg8 18. Red1 g4 19. Ne1 Qc7 20. Rxa8+ Bxa8 21. Bc1
Qc6 22. Qh6 h4 23. Qh7 Rg6 24. Qh8+ Bf8 0-1

[Event "Titled Tue 17th Jun Late"]
[Site "chess.com INT"]
[Date "2025.06.17"]
[Round "9"]
[White "Amirkul, Alimzhan"]
[Black "Mekhitarian, Krikor Sevag"]
[Result "0-1"]
[WhiteTitle "FM"]
[BlackTitle "GM"]
[WhiteElo "2357"]
[BlackElo "2564"]
[WhiteFideId "13718428"]
[BlackFideId "2107660"]
[EventDate "2025.06.17"]

1. e4 c5 2. d4 cxd4 3. Qxd4 Nc6 4. Qd3 Nf6 5. Nc3 g6 6. Nf3 Bg7 7. Be2 O-O 8.
O-O d6 9. Nd5 Be6 10. c3 Nd7 11. Bg5 Re8 12. a4 Bg4 13. h3 Bxf3 14. Qxf3 h6 15.
Bh4 g5 16. Bg3 e6 17. Ne3 Nce5 18. Bxe5 Nxe5 19. Qh5 Qb6 20. Bb5 Red8 21. Ng4
Nxg4 22. Qxg4 a6 23. Bc4 Qxb2 24. Rab1 Qxc3 25. Rfc1 Qd4 26. Bxe6 fxe6 27. Qxe6+
Kh8 28. Rxb7 Rf8 29. Qa2 Rac8 30. Rxc8 Rxc8 31. Rf7 Rc1+ 32. Kh2 Qe5+ 33. f4
gxf4 34. Qf2 f3+ 35. g3 Qxe4 36. Qxf3 Rc2+ 37. Kg1 Qe1+ 38. Qf1 Qxg3+ 39. Kh1
Qh2# 0-1

[Event "Titled Tue 17th Jun Late"]
[Site "chess.com INT"]
[Date "2025.06.17"]
[Round "9"]
[White "Sliwicka, Alicja"]
[Black "Fathy, Elameir"]
[Result "1-0"]
[WhiteTitle "WGM"]
[BlackTitle "FM"]
[WhiteElo "2299"]
[BlackElo "2300"]
[WhiteFideId "1150677"]
[BlackFideId "10600396"]
[EventDate "2025.06.17"]

1. e4 c5 2. Nf3 e6 3. d4 cxd4 4. Nxd4 Nf6 5. Nc3 Nc6 6. Nb3 Bb4 7. Bd3 d5 8.
exd5 Nxd5 9. O-O Nxc3 10. bxc3 Bxc3 11. Ba3 Bf6 12. Qg4 g6 13. Rad1 Qc7 14. Bb5
Bd7 15. Bd6 Qc8 16. Nc5 a6 17. Ne4 Be7 18. Bxe7 Kxe7 19. Qg5+ Kf8 20. Qh6+ Ke7
21. Qg5+ Kf8 22. Nf6 Be8 23. Qh6+ Ke7 24. Qh4 Kf8 25. Ba4 b5 26. Bb3 Kg7 27. Rd3 1-0

[Event "Titled Tue 17th Jun Late"]
[Site "chess.com INT"]
[Date "2025.06.17"]
[Round "9"]
[White "Uzuner, Tufan Can"]
[Black "Jagirapu, Harshin Reddy"]
[Result "0-1"]
[WhiteTitle "CM"]
[WhiteElo "1909"]
[BlackElo "2042"]
[WhiteFideId "6300499"]
[BlackFideId "39910679"]
[EventDate "2025.06.17"]

1. d4 Nf6 2. Nf3 d5 3. e3 c5 4. c4 cxd4 5. exd4 g6 6. Nc3 Bg7 7. Qb3 O-O 8. cxd5
Nbd7 9. Bc4 Nb6 10. O-O Bg4 11. Ne5 Nxc4 12. Qxc4 Bf5 13. Be3 Ne4 14. Rad1 Rc8
15. Qb3 Nd6 16. h3 a6 17. Rfe1 b5 18. Nc6 Qd7 19. g4 Bxg4 20. hxg4 Qxg4+ 21. Kf1
Nc4 22. Nxe7+ Kh8 23. Nxc8 Qh3+ 24. Ke2 Re8 25. Nb1 Bh6 26. Rh1 Qg4+ 27. Kf1
Nxe3+ 28. fxe3 Qf3+ 29. Kg1 Bxe3+ 30. Qxe3 Qxe3+ 31. Kg2 Re4 32. Rhf1 Rg4+ 33.
Kh2 Qg3+ 34. Kh1 Qg2# 0-1

[Event "Titled Tue 17th Jun Late"]
[Site "chess.com INT"]
[Date "2025.06.17"]
[Round "9"]
[White "Shukhman, Anna"]
[Black "Zou, Chen"]
[Result "1-0"]
[WhiteTitle "WGM"]
[BlackTitle "IM"]
[WhiteElo "2413"]
[BlackElo "2443"]
[WhiteFideId "54180058"]
[BlackFideId "8610959"]
[EventDate "2025.06.17"]

1. e4 c5 2. Nf3 d6 3. d4 cxd4 4. Nxd4 Nf6 5. Nc3 a6 6. Qd3 g6 7. Bg5 Bg7 8.
O-O-O Nbd7 9. Be2 Qa5 10. f4 O-O 11. Nb3 Qc7 12. h4 h6 13. g4 b5 14. Bxf6 exf6
15. Qxd6 Ra7 16. Qxc7 Rxc7 17. Nd5 Ra7 18. Na5 Nc5 19. Bf3 Rd7 20. f5 Re8 21.
Rhe1 Nb7 22. Nc6 Nc5 23. b4 Na4 24. h5 g5 25. e5 Bb7 26. e6 Rd6 27. Nxf6+ Bxf6
28. Rxd6 Bb2+ 29. Kb1 f6 30. e7 Bc3 31. Bd5+ Kg7 32. Rd8 Bxc6 33. Bxc6 Bxe1 34.
Rxe8 Bxb4 35. Rg8+ Kh7 36. e8=Q Nc3+ 37. Ka1 Ba3 38. Qg6# 1-0

[Event "Titled Tue 17th Jun Late"]
[Site "chess.com INT"]
[Date "2025.06.17"]
[Round "9"]
[White "Ristic, Nebojsa M"]
[Black "Jing, Andrew"]
[Result "0-1"]
[WhiteTitle "IM"]
[BlackTitle "FM"]
[WhiteElo "2248"]
[BlackElo "2292"]
[WhiteFideId "900850"]
[BlackFideId "30984076"]
[EventDate "2025.06.17"]

1. d4 Nf6 2. Bf4 g6 3. Nc3 Bg7 4. e4 d6 5. Qd2 O-O 6. O-O-O c6 7. f3 b5 8. Kb1
b4 9. Nce2 a5 10. Bh6 Nbd7 11. h4 c5 12. h5 cxd4 13. Nxd4 Ne5 14. g4 Qb6 15.
hxg6 fxg6 16. Bxg7 Kxg7 17. Qh6+ Kg8 18. Nh3 Nf7 19. Qh4 Bd7 20. Bc4 Qc5 21.
Bxf7+ Rxf7 22. Ng5 a4 23. Nxf7 Kxf7 24. Qh6 g5 25. Nf5 Bxf5 26. gxf5 a3 27. Qxg5
Qe5 28. Qc1 Qa5 29. Rd3 Qc5 30. Rhd1 h5 31. Rb3 h4 32. Qh6 axb2 33. Qg6+ Kf8 34.
Rg1 Qa5 35. Rxb2 h3 36. Qh6+ Ke8 37. Qxh3 Kd7 38. Qf1 Qc5 39. Rh1 Ra3 40. Qg1
Qc4 41. Qf1 Qc6 42. Qe1 Rc3 43. e5 Nd5 44. e6+ Kc7 45. Rh8 Rxf3 46. Qe2 Nc3+ 47.
Kc1 Nxe2+ 0-1

[Event "Titled Tue 17th Jun Late"]
[Site "chess.com INT"]
[Date "2025.06.17"]
[Round "9"]
[White "Unver, Cumayi"]
[Black "Romany, Joy"]
[Result "1-0"]
[BlackTitle "WIM"]
[WhiteElo "2012"]
[BlackElo "1960"]
[WhiteFideId "6304940"]
[BlackFideId "10656820"]
[EventDate "2025.06.17"]

1. d4 Nf6 2. Bf4 e6 3. e3 Be7 4. Nf3 O-O 5. h3 b6 6. c4 Bb7 7. Nc3 d6 8. Be2
Nbd7 9. O-O Ne4 10. Nxe4 Bxe4 11. Nd2 Bb7 12. Bh2 e5 13. Bf3 Bxf3 14. Qxf3 Bf6
15. d5 Nc5 16. e4 a5 17. Qe2 Bg5 18. Nb1 Qf6 19. Nc3 Bf4 20. g3 Bh6 21. Kg2 Qg6
22. Rad1 f5 23. exf5 Rxf5 24. f3 Raf8 25. g4 R5f7 26. Ne4 Nxe4 27. fxe4 Rxf1 28.
Rxf1 Rxf1 29. Kxf1 Qf7+ 30. Qf2 Bf4 31. Kg2 Bxh2 32. Qxf7+ Kxf7 33. Kxh2 Kg6 34.
Kg3 h5 35. Kh4 1-0

[Event "Titled Tue 17th Jun Late"]
[Site "chess.com INT"]
[Date "2025.06.17"]
[Round "9"]
[White "Salem, A.R. Saleh"]
[Black "Sadykov, Ramil"]
[Result "1-0"]
[WhiteTitle "GM"]
[BlackTitle "FM"]
[WhiteElo "2627"]
[BlackElo "2264"]
[WhiteFideId "9301348"]
[BlackFideId "24113590"]
[EventDate "2025.06.17"]

1. d4 Nf6 2. c4 e6 3. Nc3 Bb4 4. a3 Bxc3+ 5. bxc3 Nc6 6. f3 Na5 7. e4 b6 8. Bg5
h6 9. Bh4 Ba6 10. e5 g5 11. Bf2 Ng8 12. h4 Bxc4 13. Bxc4 Nxc4 14. Qa4 Na5 15.
Ne2 Kf8 16. Rd1 d5 17. exd6 cxd6 18. d5 e5 19. Ng3 Rc8 20. hxg5 Rxc3 21. Ne4 Rb3
22. Nd2 Rb2 23. Qg4 Nb3 24. Nxb3 Rxb3 25. Rc1 Ne7 26. gxh6 Rg8 27. Qc4 Rb2 28.
h7 Rh8 29. Qh4 Qd7 30. Qh6+ Ke8 31. Qg7 Ng6 32. O-O Ke7 33. Be3 Qf5 34. Rc7+ Ke8
35. Rfc1 Rxg2+ 36. Kxg2 Nh4+ 37. Kh2 1-0